000
00315 a2200157 4500
001
163701
020
_a
040
_c
Magnum
100
_a
London, Jack
240
1
0
_a
O chamado da floresta
_l
por
245
1
0
_a
O chamado da floresta
362
0
_a
1899
440
1
_a
Globo
697
_a
IJ/FICCAO
942
_c
BK
999
_c
163701
_d
163701